| 000 | 00769nam a22001817a 4500 | ||
|---|---|---|---|
| 999 |
_c14926 _d14926 |
||
| 003 | OSt | ||
| 082 | _2631.3 AYI/IN | ||
| 088 | _a358 | ||
| 100 |
_aAYISHA MANGAT _93834 |
||
| 245 | _aInvestigations on the adaptability of wireless sensor networks (wsn) based technology for harvesting crops | ||
| 260 |
_aTavanur 2016 _bDepartment of Farm Power Machinery and Energy |
||
| 300 | _a108 | ||
| 500 | _aInvestigations on the adaptability of wireless sensor networks (wsn) based technology for harvesting crops | ||
| 520 | _aInvestigations on the adaptability of wireless sensor networks (wsn) based technology for harvesting crops | ||
| 700 |
_aEr. Shivaji K.P (Guide) _93477 |
||
| 856 | _uhttps://drive.google.com/open?id=1I1u8VOHi7pJ_YB578VbtU3JleXM7sxSF | ||
| 942 | _cTH | ||